| 000 | 01111nam a2200313Ia 4500 | ||
|---|---|---|---|
| 001 | ebr10069606 | ||
| 003 | CaPaEBR | ||
| 006 | m u | ||
| 007 | cr cn||||||||| | ||
| 008 | 040726s2005 enk fs 000 0 eng d | ||
| 015 |
_aGBA467149 _2bnb |
||
| 020 | _z1841509094 | ||
| 020 | _z1841501123 (pbk.) | ||
| 040 |
_aCaPaEBR _cCaPaEBR |
||
| 035 | _a(OCoLC)58842675 | ||
| 050 | 1 | 4 |
_aGN347 _b.V57 2005eb |
| 082 | 0 | 4 |
_a301 _222 |
| 245 | 0 | 0 |
_aVisualizing anthropology _h[electronic resource] / _cedited by Anna Grimshaw and Amanda Ravetz. |
| 260 |
_aBristol : _bIntellect, _c2005. |
||
| 300 | _axi, 167 p. | ||
| 533 |
_aElectronic reproduction. _bPalo Alto, Calif. : _cebrary, _d2009. _nAvailable via World Wide Web. _nAccess may be limited to ebrary affiliated libraries. |
||
| 650 | 0 | _aVisual anthropology. | |
| 650 | 0 | _aAnthropology. | |
| 655 | 7 |
_aElectronic books. _2local |
|
| 700 | 1 | _aGrimshaw, Anna. | |
| 700 | 1 | _aRavetz, Amanda. | |
| 710 | 2 | _aebrary, Inc. | |
| 856 | 4 | 0 |
_uhttp://site.ebrary.com/lib/rucke/Doc?id=10069606 _zAn electronic book accessible through the World Wide Web; click to view |
| 999 |
_c42089 _d42089 |
||